LIBRARY & INFORMATION CENTRE, KCAET, TAVANUR

ONLINE PUBLIC ACCESS CATALOGUE (OPAC)

Development of ralationship between steady state infiltration rate and physical properties of soil (Record no. 15220)

MARC details
000 -LEADER
fixed length control field 00758nam a22001937a 4500
003 - CONTROL NUMBER IDENTIFIER
control field OSt
088 ## - REPORT NUMBER
Report number P 111
100 ## - MAIN ENTRY--AUTHOR NAME
Personal name DIVYA RAJU
245 ## - TITLE STATEMENT
Title Development of ralationship between steady state infiltration rate and physical properties of soil
260 ## - PUBLICATION, DISTRIBUTION, ETC. (IMPRINT)
Place of publication Tavanur 2001
Name of publisher Kelappaji College of Agricultural Engineering and Technology
300 ## - PHYSICAL DESCRIPTION
Number of Pages 61
500 ## - GENERAL NOTE
General note Development of ralationship between steady state infiltration rate and physical properties of soil
520 ## - SUMMARY, ETC.
Summary, etc Development of ralationship between steady state infiltration rate and physical properties of soil
700 ## - ADDED ENTRY--PERSONAL NAME
Personal name Jimmy Gopalakrishnan
700 ## - ADDED ENTRY--PERSONAL NAME
Personal name Sunitha V. B
700 ## - ADDED ENTRY--PERSONAL NAME
Personal name Er. Sathian K. K (Guide)
942 ## - ADDED ENTRY ELEMENTS (KOHA)
Koha item type Project Report
Holdings
Collection code Home library Current library Shelving location Full call number Accession Number Koha item type
Reference KAUAET KAUAET Reference 631.75807 DIV/DE P 111 Project Report
free website counter